000 00500nam a22001577a 4500
003 macl
005 20241022145135.0
008 241022b |||||||| |||| 00| 0 eng d
040 _cmacl
082 _a080
100 _aपं विजयशंकर मेहता
_982470
245 _aपरिवार प्रबंधन
260 _aभोपाल
_bमंजुल पब्लिशिंग हाउस
_c2020
650 _aसामान्य वर्ग
942 _2ddc
_cHIN
999 _c67463
_d67463